| 000 | 00804cam a2200265 a 4500 | ||
|---|---|---|---|
| 008 | |||
| 020 | _a0750652411 (pbk.) | ||
| 049 | _aMAIN | ||
| 090 |
_aQP303 _bPAL |
||
| 100 | 1 | _aPalastanga, Nigel. | |
| 245 | 1 | 0 |
_aAnatomy and human movement : _bstructure and function / _cNigel P. Palastanga, Derek Field and Roger Soames. |
| 250 | _a4th ed. | ||
| 260 |
_aEdinburgh : _bButterworth Heinmann/Elsevier, _c2002. |
||
| 300 |
_aviii, 677 p. : _bill. (some col.) ; _c27 cm. |
||
| 500 | _aIncludes index. | ||
| 650 | 0 | _aHuman mechanics. | |
| 650 | 0 | _aHuman anatomy. | |
| 700 | 1 | _aField, Derek. | |
| 700 | 1 | _aSoames, Roger. | |
| 907 |
_a.b10268893 _b11-09-15 _c08-10-09 |
||
| 003 | |||
| 005 | 20230120204034.0 | ||
| 040 | _cNUST | ||
| 942 |
_cBOOKS _kQP303 _mPAL |
||
| 999 |
_c116019 _d116019 |
||